[Event "NB2 Breyer csoport"]
[Site "Zsambek"]
[Date "2024.12.15"]
[Round "4.7"]
[White "Gal, Lajos"]
[Black "Nagy, Gyorgy"]
[Result "0-1"]
[WhiteElo "1821"]
[BlackElo "1926"]
[PlyCount "60"]
[GameId "2123719528946941"]
[EventDate "2024.11.03"]
[EventType "team-tourn"]
[EventRounds "9"]
[EventCountry "HUN"]
[Source "chess.hu"]
[WhiteTeam "Nyergesujfalu VSE"]
[BlackTeam "Zsambeki SBE"]
[WhiteTeamCountry "HUN"]
[BlackTeamCountry "HUN"]

1. e4 c5 2. c4 Nc6 3. g3 Nf6 4. Bg2 e6 5. Nc3 a6 6. f4 d6 7. Nge2 Be7 8. O-O O-O 9. h3 Rb8 10. a4 Qc7 11. Kh2 Nd4 12. d3 Nxe2 13. Qxe2 Bd7 14. a5 Rfe8 15. e5 Bc6 16. exf6 Bxg2 17. Qxg2 Bxf6 18. f5 b5 19. fxe6 fxe6 20. Qe2 bxc4 21. dxc4 Qc6 22. Qf3 Qd7 23. Ra2 Rf8 24. Qd3 Bd4 25. Rxf8+ Rxf8 26. Be3 Rf3 27. Nd1 Be5 28. Nf2 Rxg3 29. Kh1 Qb7+ 30. Ne4 Bd4 0-1

[Event "NB2 Breyer csoport"]
[Site "Zsambek"]
[Date "2024.12.15"]
[Round "4.8"]
[White "Tessedik, Karoly"]
[Black "Meszaros, Vilmos"]
[Result "0-1"]
[WhiteElo "1858"]
[BlackElo "1810"]
[PlyCount "58"]
[GameId "2123719578377485"]
[EventDate "2024.11.03"]
[EventType "team-tourn"]
[EventRounds "9"]
[EventCountry "HUN"]
[Source "chess.hu"]
[WhiteTeam "Zsambeki SBE"]
[BlackTeam "Nyergesujfalu VSE"]
[WhiteTeamCountry "HUN"]
[BlackTeamCountry "HUN"]

1. c4 e5 2. g3 Nc6 3. Bg2 Nf6 4. a3 d5 5. cxd5 Nxd5 6. d3 a5 7. Nc3 Be6 8. Nf3 Be7 9. Bd2 O-O 10. O-O Qd7 11. Rc1 Rfd8 12. Re1 f6 13. Ne4 b6 14. Nc3 Rac8 15. Nxd5 Bxd5 16. Rc3 Nd4 17. e4 Bf7 18. Be3 c5 19. Bxd4 cxd4 20. Rxc8 Rxc8 21. Nd2 Qc6 22. Bf1 Qc2 23. Qg4 Rc7 24. Qe2 b5 25. Nf3 Bh5 26. Kg2 b4 27. axb4 Bxb4 28. Qxc2 Rxc2 29. Re2 Rc1 0-1

[Event "NB2 Breyer csoport"]
[Site "Zsambek"]
[Date "2024.12.15"]
[Round "4.9"]
[White "Kiss, Istvan"]
[Black "Metzger, Istvan"]
[Result "0-1"]
[WhiteElo "1780"]
[BlackElo "1826"]
[PlyCount "118"]
[GameId "2123719624817949"]
[EventDate "2024.11.03"]
[EventType "team-tourn"]
[EventRounds "9"]
[EventCountry "HUN"]
[Source "chess.hu"]
[WhiteTeam "Nyergesujfalu VSE"]
[BlackTeam "Zsambeki SBE"]
[WhiteTeamCountry "HUN"]
[BlackTeamCountry "HUN"]

1. Nf3 Nf6 2. g3 g6 3. Bg2 Bg7 4. O-O O-O 5. d3 d5 6. c3 c5 7. Bf4 Nc6 8. Na3 a6 9. Ne5 Nxe5 10. Bxe5 e6 11. Nc2 Qb6 12. Rb1 Ne8 13. Bxg7 Kxg7 14. d4 Nf6 15. dxc5 Qxc5 16. Qd4 Qc7 17. e4 dxe4 18. Bxe4 e5 19. Qe3 Nxe4 20. Qxe4 Bd7 21. Qe2 Bb5 22. Qf3 Bxf1 23. Rxf1 Rad8 24. Nb4 f6 25. Rc1 Qf7 26. c4 f5 27. Nd5 e4 28. Qc3+ Kg8 29. Qb4 Rd7 30. Qc3 Qg7 31. Qb3 Kh8 32. Nf4 Re8 33. Nd5 g5 34. Qb6 Rf8 35. Qb3 f4 36. Qc3 Rd6 37. Qb4 Re6 38. Qc3 Qe5 39. Qb4 Qg7 40. Qc3 h6 41. Qxg7+ Kxg7 42. Rd1 Rf7 43. b3 e3 44. fxe3 fxe3 45. Re1 e2 46. Kg2 b5 47. cxb5 axb5 48. Nc3 b4 49. Rxe2 Rxe2+ 50. Nxe2 Ra7 51. Nc1 Rc7 52. Nd3 Rc2+ 53. Kh3 Rxa2 54. Nxb4 Rb2 55. Nd5 Rxb3 56. Kg4 Rd3 57. Ne7 Rd7 58. Nf5+ Kg6 59. h4 h5+ 0-1

[Event "NB2 Breyer csoport"]
[Site "Zsambek"]
[Date "2024.12.15"]
[Round "4.10"]
[White "Szendeff, Miklos"]
[Black "Schreck, Daniel"]
[Result "0-1"]
[WhiteElo "1751"]
[BlackElo "1630"]
[PlyCount "97"]
[GameId "2123719671319853"]
[EventDate "2024.11.03"]
[EventType "team-tourn"]
[EventRounds "9"]
[EventCountry "HUN"]
[Source "chess.hu"]
[WhiteTeam "Zsambeki SBE"]
[BlackTeam "Nyergesujfalu VSE"]
[WhiteTeamCountry "HUN"]
[BlackTeamCountry "HUN"]

1. e4 c5 2. Nf3 a6 3. b4 cxb4 4. d4 d5 5. exd5 Qxd5 6. c4 bxc3 7. Nxc3 Qc6 8. Bd2 e6 9. Rc1 Qd7 10. Na4 Qd8 11. Nb6 Nc6 12. Nxa8 Bd7 13. Ne5 Qxa8 14. Nxd7 Kxd7 15. d5 exd5 16. Qg4+ Ke8 17. Bd3 Nf6 18. Qa4 Kd7 19. Bf5+ Ke8 20. O-O Be7 21. Rfe1 Kf8 22. Bb4 Bxb4 23. Rxc6 bxc6 24. Qxb4+ Kg8 25. Rb1 g6 26. Bd3 Kg7 27. g4 Qc8 28. f3 c5 29. Qc3 d4 30. Qc4 Re8 31. Kf2 Re3 32. Qxa6 Qxa6 33. Bxa6 Ra3 34. Bc4 Nd7 35. Rb7 Ne5 36. Bd5 d3 37. g5 d2 38. Ke2 Rd3 39. Bb3 c4 40. Bc2 Rd6 41. f4 Nc6 42. Rc7 c3 43. Bb3 Nd4+ 44. Kd1 Nxb3 45. axb3 Rd3 46. Rc4 Re3 47. Rd4 Re1+ 48. Kc2 Rc1+ 49. Kd3 0-1

[Event "NB2 Breyer csoport"]
[Site "Zsambek"]
[Date "2024.12.15"]
[Round "4.11"]
[White "Remenyi, Kristof"]
[Black "Sebestyen, Boldizsar"]
[Result "1/2-1/2"]
[WhiteElo "1555"]
[BlackElo "1581"]
[PlyCount "74"]
[GameId "2123719728254269"]
[EventDate "2024.11.03"]
[EventType "team-tourn"]
[EventRounds "9"]
[EventCountry "HUN"]
[Source "chess.hu"]
[WhiteTeam "Nyergesujfalu VSE"]
[BlackTeam "Zsambeki SBE"]
[WhiteTeamCountry "HUN"]
[BlackTeamCountry "HUN"]

1. b3 e5 2. Bb2 Nc6 3. e3 d5 4. Bb5 Bd6 5. f4 f6 6. fxe5 fxe5 7. Nf3 Bg4 8. h3 Bxf3 9. Qxf3 Nf6 10. O-O O-O 11. Bxc6 bxc6 12. d3 e4 13. dxe4 Nxe4 14. Qg4 Rxf1+ 15. Kxf1 Qf8+ 16. Qf3 Qxf3+ 17. gxf3 Rf8 18. Kg2 Ng5 19. Nd2 c5 20. f4 Ne6 21. c3 d4 22. cxd4 cxd4 23. Bxd4 Nxd4 24. exd4 Rxf4 25. Nf3 Kf7 26. Ne5+ Bxe5 27. dxe5 Ke6 28. Rc1 Rf7 29. Rc5 Rd7 30. Kf3 Kf5 31. Ke3 g5 32. e6+ Kxe6 33. Rxg5 Kd6 34. Ra5 c5 35. a3 Kc6 36. Ke4 Kb6 37. Ra4 a5 1/2-1/2

[Event "NB2 Erkel csoport"]
[Site "Budapest"]
[Date "2024.11.03"]
[Round "1.1"]
[White "Bravin, Alexey"]
[Black "Sagi, Bence"]
[Result "0-1"]
[WhiteElo "2072"]
[BlackElo "2208"]
[PlyCount "98"]
[EventDate "2024.11.03"]
[EventType "team-tourn"]
[EventRounds "11"]
[EventCountry "HUN"]
[Source "chess.hu"]
[SourceDate "2024.11.04"]
[WhiteTeam "Fot SE-LearningChess"]
[BlackTeam "Palota Sakk I."]
[WhiteTeamCountry "HUN"]
[BlackTeamCountry "HUN"]

1. e4 c5 2. Nf3 e6 3. g3 Nc6 4. Bg2 Nf6 5. Qe2 e5 6. O-O Be7 7. c3 O-O 8. Rd1
d5 9. exd5 Qxd5 10. d4 e4 11. Ng5 Bg4 12. f3 exf3 13. Bxf3 Bxf3 14. Nxf3 cxd4
15. cxd4 Bb4 16. Nc3 Bxc3 17. bxc3 Rfe8 18. Qd3 Na5 19. Ne5 Rac8 20. Bf4 Ne4
21. Rac1 Nc4 22. Nxc4 Qxc4 23. Qxc4 Rxc4 24. Re1 g5 25. Bxg5 Re6 26. Bf4 Nxc3
27. Rxe6 fxe6 28. Kg2 b5 29. a3 Ne2 30. Rxc4 bxc4 31. Be3 Nc3 32. Kf3 Kf7 33.
Bc1 Na2 34. Bf4 c3 35. Ke4 c2 36. d5 c1=Q 37. Bxc1 Nxc1 38. Ke5 Nd3+ 39. Kd4
Nf2 40. dxe6+ Kxe6 41. Kc5 Ng4 42. h4 h5 43. Kb5 Ne5 44. a4 Kd5 45. Ka6 Nc6 46.
Kb7 Kd6 47. Ka6 Kc5 48. a5 Kd5 49. Kb5 Nxa5 0-1

[Event "NB2 Erkel csoport"]
[Site "Budapest"]
[Date "2024.11.03"]
[Round "1.2"]
[White "Kahn, Evarth Dr"]
[Black "Gubics, Peter"]
[Result "1-0"]
[WhiteElo "1989"]
[BlackElo "2033"]
[PlyCount "61"]
[EventDate "2024.11.03"]
[EventType "team-tourn"]
[EventRounds "11"]
[EventCountry "HUN"]
[Source "chess.hu"]
[SourceDate "2024.11.04"]
[WhiteTeam "Palota Sakk I."]
[BlackTeam "Fot SE-LearningChess"]
[WhiteTeamCountry "HUN"]
[BlackTeamCountry "HUN"]

1. e4 e6 2. d4 d5 3. Nc3 Nf6 4. Bg5 Be7 5. e5 Nfd7 6. h4 h6 7. Bxe7 Qxe7 8. Qg4
g6 9. h5 g5 10. f4 gxf4 11. Qxf4 a6 12. O-O-O c5 13. dxc5 Nc6 14. Nf3 Nxc5 15.
Rh4 b5 16. g3 Bb7 17. Rg4 O-O-O 18. Rg7 Rdf8 19. Nd4 Nd7 20. Nxc6 Bxc6 21. a4
Qc5 22. axb5 axb5 23. Ne2 Qc4 24. Nd4 Qa4 25. Rd3 Qa1+ 26. Kd2 Kb7 27. Nxc6 Nc5
28. Qb4 Ne4+ 29. Ke2 Kxc6 30. Ra3 Qc1 31. Ra6+ 1-0

[Event "NB2 Erkel csoport"]
[Site "Budapest"]
[Date "2024.11.03"]
[Round "1.3"]
[White "Bokros, Istvan"]
[Black "Vegh, Karoly"]
[Result "1-0"]
[WhiteElo "1967"]
[BlackElo "1939"]
[PlyCount "97"]
[EventDate "2024.11.03"]
[EventType "team-tourn"]
[EventRounds "11"]
[EventCountry "HUN"]
[Source "chess.hu"]
[SourceDate "2024.11.04"]
[WhiteTeam "Fot SE-LearningChess"]
[BlackTeam "Palota Sakk I."]
[WhiteTeamCountry "HUN"]
[BlackTeamCountry "HUN"]

1. e4 d5 2. exd5 Qxd5 3. Nc3 Qa5 4. d4 Nf6 5. Nf3 Nc6 6. d5 Nb4 7. Bb5+ Bd7 8.
Bxd7+ Nxd7 9. a3 Nf6 10. axb4 Qxa1 11. O-O O-O-O 12. Ne5 Rg8 13. Nxf7 Rd7 14.
Ne5 Rd8 15. Qf3 Qa6 16. b5 Qa5 17. Qf5+ Kb8 18. Bg5 Qb4 19. Bxf6 gxf6 20. Nd3
Qg4 21. Qxg4 Rxg4 22. Re1 b6 23. b3 Rd7 24. f4 h5 25. Kf2 Bh6 26. g3 Rg8 27.
Nb4 e5 28. Ne4 Rf8 29. f5 Rg7 30. Nc6+ Kb7 31. Ra1 a5 32. bxa6+ Ka8 33. c4 h4
34. Rd1 Bg5 35. b4 Rd7 36. b5 Rh8 37. g4 Re8 38. Kf3 Rf7 39. Nxg5 fxg5 40. Re1
Rff8 41. Rxe5 Rg8 42. Ke4 h3 43. f6 Rxe5+ 44. Nxe5 c6 45. dxc6 Ka7 46. Kf5 Re8
47. f7 Rd8 48. Nd7 Re8 49. fxe8=B 1-0

[Event "NB2 Erkel csoport"]
[Site "Budapest"]
[Date "2024.11.03"]
[Round "1.4"]
[White "Serfozo, Adam"]
[Black "Piroska, Istvan"]
[Result "1-0"]
[WhiteElo "1901"]
[BlackElo "1947"]
[PlyCount "127"]
[EventDate "2024.11.03"]
[EventType "team-tourn"]
[EventRounds "11"]
[EventCountry "HUN"]
[Source "chess.hu"]
[SourceDate "2024.11.04"]
[WhiteTeam "Palota Sakk I."]
[BlackTeam "Fot SE-LearningChess"]
[WhiteTeamCountry "HUN"]
[BlackTeamCountry "HUN"]

1. d4 d5 2. Nf3 Nf6 3. Bf4 e6 4. e3 c5 5. c3 Nc6 6. Nbd2 Nh5 7. Bg3 Nxg3 8.
hxg3 g6 9. Bd3 cxd4 10. exd4 Bg7 11. Qe2 O-O 12. O-O-O Bd7 13. Kb1 a6 14. Rh2
b5 15. Rdh1 b4 16. Rxh7 bxc3 17. bxc3 Rb8+ 18. Nb3 Qf6 19. Kc2 Rfc8 20. Kd2 e5
21. dxe5 Nxe5 22. Rxg7+ Qxg7 23. Qxe5 a5 24. Qxg7+ Kxg7 25. Ne5 Be6 26. Rh4 Ra8
27. Ra4 Kf6 28. Nf3 Bd7 29. Rf4+ Ke7 30. Ne5 Be8 31. Rd4 a4 32. Nc1 Ke6 33. f4
g5 34. Be2 f6 35. Bg4+ f5 36. Bf3 Ra5 37. Ncd3 g4 38. Nxg4 Bh5 39. Bxd5+ Rxd5
40. Rxd5 Kxd5 41. Nf6+ Kc4 42. Ne5+ Kb5 43. Nxh5 Rh8 44. Ng7 Rh2 45. Nxf5 Rxg2+
46. Kd3 Rxa2 47. Nd4+ Kc5 48. Nc2 Rb2 49. g4 Rb1 50. Ke4 Rg1 51. g5 Rg2 52.
Nd3+ Kd6 53. Ndb4 Ke6 54. f5+ Kf7 55. g6+ Kg7 56. c4 Rg4+ 57. Kd5 Kf6 58. c5
Rh4 59. Nd4 a3 60. c6 Rh8 61. Kd6 Rd8+ 62. Kc5 Ra8 63. Na2 Ra5+ 64. Kb6 1-0

[Event "NB2 Erkel csoport"]
[Site "Budapest"]
[Date "2024.11.03"]
[Round "1.5"]
[White "Meszaros, Matyas"]
[Black "Albu, Ferenc"]
[Result "1-0"]
[WhiteElo "2013"]
[BlackElo "1813"]
[PlyCount "123"]
[EventDate "2024.11.03"]
[EventType "team-tourn"]
[EventRounds "11"]
[EventCountry "HUN"]
[Source "chess.hu"]
[SourceDate "2024.11.04"]
[WhiteTeam "Fot SE-LearningChess"]
[BlackTeam "Palota Sakk I."]
[WhiteTeamCountry "HUN"]
[BlackTeamCountry "HUN"]

1. d4 d5 2. c4 Bf5 3. cxd5 Bxb1 4. Qa4+ Qd7 5. Qxd7+ Nxd7 6. Rxb1 Ngf6 7. a3
Nxd5 8. e4 N5f6 9. f3 e6 10. Be3 c6 11. Nh3 Be7 12. Be2 O-O 13. O-O Rfd8 14.
Rfd1 Nf8 15. Nf4 Ng6 16. Nd3 Nd7 17. Rbc1 Rac8 18. g3 a6 19. Rc2 Nb8 20. Rcd2
Nf8 21. Nc5 Bxc5 22. dxc5 Rxd2 23. Rxd2 Nfd7 24. Kf2 Kf8 25. b4 Ke7 26. Bf4 e5
27. Be3 f6 28. f4 Rd8 29. f5 Nf8 30. Rb2 g6 31. g4 g5 32. Kg3 h6 33. h4 Nh7 34.
h5 Nf8 35. Kf3 Rd7 36. Rb3 Kd8 37. Bd3 Kc7 38. Ke2 Rd8 39. Kd2 Nfd7 40. Kc3 b5
41. cxb6+ Nxb6 42. Kc2 Kb7 43. Be2 Nc8 44. Bc5 Nd7 45. Rd3 Kc7 46. Kb3 Nxc5+
47. bxc5 Rxd3+ 48. Bxd3 Kb7 49. Kb4 Na7 50. a4 Nc8 51. Ka5 Ne7 52. Bxa6+ Ka7
53. Bc4 Kb7 54. Be6 Ka7 55. Kb4 Ka6 56. a5 Kb7 57. Bc4 Nc8 58. a6+ Kc7 59. Ka5
Na7 60. Bd3 Nc8 61. a7 Kb7 62. Ba6+ 1-0

[Event "NB2 Erkel csoport"]
[Site "Budapest"]
[Date "2024.11.03"]
[Round "1.6"]
[White "Bleil, Sandor"]
[Black "Mester, Attila"]
[Result "1-0"]
[WhiteElo "1804"]
[BlackElo "1989"]
[PlyCount "95"]
[EventDate "2024.11.03"]
[EventType "team-tourn"]
[EventRounds "11"]
[EventCountry "HUN"]
[Source "chess.hu"]
[SourceDate "2024.11.04"]
[WhiteTeam "Palota Sakk I."]
[BlackTeam "Fot SE-LearningChess"]
[WhiteTeamCountry "HUN"]
[BlackTeamCountry "HUN"]

1. d4 Nf6 2. Nf3 g6 3. Bf4 Bg7 4. h3 O-O 5. e3 d6 6. Be2 Nbd7 7. O-O Qe8 8. c4
e5 9. dxe5 dxe5 10. Bh2 Qe7 11. Nc3 c6 12. Qc2 h6 13. Rad1 Re8 14. Rd2 a5 15.
Rfd1 Rf8 16. Bf1 Ne8 17. Ne4 Nc5 18. Nxc5 Qxc5 19. Qc1 Bf5 20. Ne1 a4 21. Nd3
Qe7 22. Ne1 a3 23. b3 h5 24. Bg3 h4 25. Bh2 e4 26. Kh1 Kh7 27. Nc2 Bb2 28. Qb1
c5 29. Ne1 Qe6 30. Qc2 Rg8 31. Rd5 Rc8 32. Kg1 Qe7 33. Kh1 Nf6 34. Bd6 Nxd5 35.
Bxe7 Nxe7 36. Be2 Nc6 37. Qb1 Rgd8 38. Nc2 Rxd1+ 39. Qxd1 Rd8 40. Qe1 Kg7 41.
Kg1 Rd3 42. Kf1 Rc3 43. Qd2 Be6 44. Kg1 Ne5 45. Kh2 Bf5 46. Nxa3 Nd3 47. Bxd3
exd3 48. Qxb2 1-0

[Event "NB2 Erkel csoport"]
[Site "Budapest"]
[Date "2024.11.03"]
[Round "1.7"]
[White "Nadassy, Attila"]
[Black "Mihaly, Zoltan"]
[Result "0-1"]
[WhiteElo "1957"]
[BlackElo "1779"]
[PlyCount "102"]
[EventDate "2024.11.03"]
[EventType "team-tourn"]
[EventRounds "11"]
[EventCountry "HUN"]
[Source "chess.hu"]
[SourceDate "2024.11.04"]
[WhiteTeam "Fot SE-LearningChess"]
[BlackTeam "Palota Sakk I."]
[WhiteTeamCountry "HUN"]
[BlackTeamCountry "HUN"]

1. Nf3 d5 2. c3 c5 3. b4 b6 4. d3 g6 5. Ba3 Qc7 6. Nbd2 Bg7 7. Rc1 Nf6 8. g3
Bb7 9. Bg2 O-O 10. O-O Re8 11. Re1 e5 12. e4 Nbd7 13. Qb3 Rac8 14. Bh3 c4 15.
dxc4 dxc4 16. Qc2 b5 17. Rcd1 Rcd8 18. Bc1 Bc6 19. Bg2 Nb6 20. h3 Qb7 21. Nh2
Na4 22. f3 Rd3 23. Nb1 Red8 24. Bf1 Rxd1 25. Rxd1 Qb6+ 26. Kg2 Rxd1 27. Qxd1
Nxe4 28. Qe1 Nd6 29. Be3 Qc7 30. Qd2 Nf5 31. Bf2 e4 32. Qe1 Qe5 33. fxe4 Qxe4+
34. Qxe4 Bxe4+ 35. Nf3 Bxb1 36. g4 Nd6 37. Bxa7 Bxc3 38. a3 Bb2 39. Nd2 Be4+
40. Kf2 Bxa3 41. Ke3 Bc1 42. Bb8 Bxd2+ 43. Kxd2 Ne8 44. Be5 f6 45. Bd4 Kf7 46.
Ke3 Bd5 47. Ba1 Nd6 48. h4 Ke6 49. Bh3 c3 50. g5+ f5 51. Bf1 Nc4+ 0-1

[Event "NB2 Erkel csoport"]
[Site "Budapest"]
[Date "2024.11.03"]
[Round "1.8"]
[White "Kapuszta, Csaba"]
[Black "Vrona, Mihail"]
[Result "1/2-1/2"]
[WhiteElo "1776"]
[BlackElo "1908"]
[PlyCount "116"]
[EventDate "2024.11.03"]
[EventType "team-tourn"]
[EventRounds "11"]
[EventCountry "HUN"]
[Source "chess.hu"]
[SourceDate "2024.11.04"]
[WhiteTeam "Palota Sakk I."]
[BlackTeam "Fot SE-LearningChess"]
[WhiteTeamCountry "HUN"]
[BlackTeamCountry "HUN"]

1. e3 e5 2. b3 Nc6 3. Bb2 Bc5 4. Bb5 d6 5. Nf3 a6 6. Bxc6+ bxc6 7. h3 Nf6 8.
O-O O-O 9. d3 a5 10. c4 Qe7 11. Re1 Bb6 12. Qc2 h6 13. Nbd2 Bf5 14. e4 Bd7 15.
Nf1 Nh5 16. Bc1 Qf6 17. Qe2 Bc5 18. Bd2 Rfb8 19. Reb1 Nf4 20. Bxf4 Qxf4 21. g3
Qf6 22. Kg2 h5 23. Rd1 g6 24. Qd2 Bxh3+ 25. Kxh3 Qxf3 26. Nh2 Qxf2 27. Qxf2
Bxf2 28. Nf3 Be3 29. Re1 Bh6 30. g4 hxg4+ 31. Kxg4 Kg7 32. Rab1 Bf4 33. Rf1 Rh8
34. d4 Rh5 35. dxe5 dxe5 36. Rbd1 Kh6 37. Ng1 Rg5+ 38. Kf3 Kg7 39. Ne2 Bh2 40.
Rd7 Kg8 41. Rfd1 Rf8 42. Rxc7 f5 43. Rdd7 fxe4+ 44. Kxe4 Rh5 45. Rg7+ Kh8 46.
Rxg6 Rh4+ 47. Ke3 Rh3+ 48. Kd2 e4 49. Rcxc6 Rd3+ 50. Ke1 Be5 51. Rg4 Bg7 52.
Rcg6 Rf7 53. Rh4+ Kg8 54. Rxe4 Kh7 55. Rg3 Bc3+ 56. Nxc3 Rxg3 57. Kd2 Rf5 58.
Ne2 Rgg5 1/2-1/2

[Event "NB2 Erkel csoport"]
[Site "Budapest"]
[Date "2024.11.03"]
[Round "1.9"]
[White "Schmelowszky, David"]
[Black "Majlat, Attila"]
[Result "1-0"]
[WhiteElo "1869"]
[BlackElo "1658"]
[PlyCount "67"]
[EventDate "2024.11.03"]
[EventType "team-tourn"]
[EventRounds "11"]
[EventCountry "HUN"]
[Source "chess.hu"]
[SourceDate "2024.11.04"]
[WhiteTeam "Fot SE-LearningChess"]
[BlackTeam "Palota Sakk I."]
[WhiteTeamCountry "HUN"]
[BlackTeamCountry "HUN"]

1. e4 e5 2. Nf3 Nc6 3. Bc4 d6 4. h3 h6 5. d3 Nf6 6. Nc3 a6 7. a3 Be7 8. O-O Bd7
9. d4 Nxd4 10. Nxd4 exd4 11. Qxd4 O-O 12. f4 Be6 13. Be3 Bxc4 14. Qxc4 Qd7 15.
Rae1 b5 16. Qd3 Rad8 17. Rd1 Qc6 18. Kh2 Rfe8 19. Rfe1 Bf8 20. Bd4 Nd7 21. Qg3
Qb7 22. Nd5 c6 23. Nf6+ Nxf6 24. Bxf6 Rd7 25. Bc3 c5 26. f5 Kh7 27. Rd5 g6 28.
Qd3 Qb6 29. e5 Bg7 30. e6 fxe6 31. Rxe6 Rxe6 32. fxe6 Rd8 33. e7 Re8 34. Rxd6
1-0

[Event "NB2 Erkel csoport"]
[Site "Budapest"]
[Date "2024.11.03"]
[Round "1.10"]
[White "Lauko, Zalan"]
[Black "Andreeva, Elena"]
[Result "0-1"]
[WhiteElo "1596"]
[BlackElo "1963"]
[PlyCount "90"]
[EventDate "2024.11.03"]
[EventType "team-tourn"]
[EventRounds "11"]
[EventCountry "HUN"]
[Source "chess.hu"]
[SourceDate "2024.11.04"]
[WhiteTeam "Palota Sakk I."]
[BlackTeam "Fot SE-LearningChess"]
[WhiteTeamCountry "HUN"]
[BlackTeamCountry "HUN"]

1. e4 c5 2. Nc3 Nc6 3. g3 g6 4. Bg2 Bg7 5. f4 e6 6. Nge2 Nge7 7. d3 d5 8. O-O
d4 9. Nb1 O-O 10. Nd2 f5 11. Kh1 b6 12. Ng1 Bb7 13. Nh3 Qd7 14. a3 Rac8 15. b3
b5 16. Bb2 Ba6 17. Qe2 c4 18. Bc1 cxd3 19. cxd3 b4 20. Nc4 Bxc4 21. bxc4 b3 22.
Bb2 a5 23. Nf2 a4 24. Rac1 e5 25. Qd2 Bh6 26. Bh3 Qc7 27. Nd1 Rce8 28. Bg2 exf4
29. gxf4 fxe4 30. Qe2 Rxf4 31. Rb1 Rxf1+ 32. Bxf1 e3 33. Bh3 Qf4 34. Bg2 Rf8
35. Kg1 Ne5 36. Be4 Nf5 37. Bc1 Nh4 38. Bg2 Nxg2 39. Qxg2 Nf3+ 40. Kh1 Rf5 41.
Nf2 Rg5 42. Bxe3 dxe3 43. Qh3 exf2 44. Qe6+ Qf7 45. Qc8+ Kg7 0-1

[Event "NB2 Erkel csoport"]
[Site "Budapest"]
[Date "2024.11.03"]
[Round "1.11"]
[White "Saar, Patrik"]
[Black "Bese, Cintia"]
[Result "1-0"]
[WhiteElo "1950"]
[BlackElo "1583"]
[PlyCount "49"]
[EventDate "2024.11.03"]
[EventType "team-tourn"]
[EventRounds "11"]
[EventCountry "HUN"]
[Source "chess.hu"]
[SourceDate "2024.11.04"]
[WhiteTeam "Fot SE-LearningChess"]
[BlackTeam "Palota Sakk I."]
[WhiteTeamCountry "HUN"]
[BlackTeamCountry "HUN"]

1. e4 c5 2. Nf3 g6 3. d4 cxd4 4. Qxd4 Nf6 5. Bb5 Nc6 6. Bxc6 bxc6 7. e5 Nd5 8.
c4 Nb4 9. Qc3 e6 10. O-O c5 11. Bg5 Qc7 12. Bf6 Rg8 13. a3 Nc6 14. Nbd2 Bb7 15.
Ne4 d5 16. exd6 Bxd6 17. Nxd6+ Qxd6 18. Rad1 Qf4 19. Qd3 Nd4 20. Nxd4 Qxf6 21.
Nxe6 fxe6 22. Qd7+ Kf8 23. Qxb7 Re8 24. Qxa7 Qf5 25. Rd7 1-0

[Event "NB2 Erkel csoport"]
[Site "Budapest"]
[Date "2024.11.03"]
[Round "1.12"]
[White "Simon, Rudolf"]
[Black "Rozsa, Sandor"]
[Result "0-1"]
[WhiteElo "1663"]
[BlackElo "1855"]
[PlyCount "40"]
[EventDate "2024.11.03"]
[EventType "team-tourn"]
[EventRounds "11"]
[EventCountry "HUN"]
[Source "chess.hu"]
[SourceDate "2024.11.04"]
[WhiteTeam "Palota Sakk I."]
[BlackTeam "Fot SE-LearningChess"]
[WhiteTeamCountry "HUN"]
[BlackTeamCountry "HUN"]

1. e4 e5 2. Nf3 Nf6 3. Nxe5 d6 4. Nf3 Nxe4 5. d4 d5 6. Bd3 Nc6 7. c3 Be7 8.
Nbd2 Nf6 9. O-O O-O 10. Re1 Bg4 11. Nf1 Re8 12. Ng3 Bf8 13. Rxe8 Qxe8 14. h3
Bd7 15. Bg5 Ne4 16. Be3 Nxg3 17. Bxh7+ Kxh7 18. Ng5+ Kg8 19. Qd3 Bf5 20. Qd1 f6
0-1

[Event "NB2 Erkel csoport"]
[Site "Dunaharaszti"]
[Date "2024.11.03"]
[Round "1.1"]
[White "Prorok, Marton"]
[Black "Balint, Vilmos"]
[Result "1-0"]
[WhiteElo "2337"]
[BlackElo "2147"]
[PlyCount "51"]
[EventDate "2024.11.03"]
[EventType "team-tourn"]
[EventRounds "11"]
[EventCountry "HUN"]
[Source "chess.hu"]
[SourceDate "2024.11.04"]
[WhiteTeam "EUTender-Sinus-SDSE"]
[BlackTeam "Dunaharaszti MTK II."]
[WhiteTeamCountry "HUN"]
[BlackTeamCountry "HUN"]

1. e4 e6 2. d4 d5 3. Nd2 c5 4. Ngf3 Nc6 5. exd5 exd5 6. Bb5 Qe7+ 7. Be2 Bf5 8.
O-O O-O-O 9. dxc5 Qxc5 10. c3 Nf6 11. Nb3 Qd6 12. Nbd4 Bg6 13. Be3 Ng4 14. Nxc6
Nxe3 15. Nxa7+ Kb8 16. fxe3 Kxa7 17. a4 Kb8 18. a5 Qc5 19. Nd4 Bd6 20. a6 b6
21. Qa4 Ka8 22. Bb5 Rc8 23. b4 Qxc3 24. Ra3 Bc2 25. Rxc3 Bxa4 26. Rxc8+ 1-0

[Event "NB2 Erkel csoport"]
[Site "Dunaharaszti"]
[Date "2024.11.03"]
[Round "1.2"]
[White "Pirisi, Gabor"]
[Black "Miszler, Levente"]
[Result "0-1"]
[WhiteElo "2189"]
[BlackElo "2257"]
[PlyCount "60"]
[EventDate "2024.11.03"]
[EventType "team-tourn"]
[EventRounds "11"]
[EventCountry "HUN"]
[Source "chess.hu"]
[SourceDate "2024.11.04"]
[WhiteTeam "Dunaharaszti MTK II."]
[BlackTeam "EUTender-Sinus-SDSE"]
[WhiteTeamCountry "HUN"]
[BlackTeamCountry "HUN"]

1. e4 e6 2. d4 d5 3. e5 c5 4. c3 Nc6 5. Be3 Qb6 6. Qd2 Bd7 7. Nf3 f6 8. Be2
fxe5 9. Nxe5 Nxe5 10. dxe5 Ne7 11. O-O Nf5 12. Bg5 Be7 13. Bxe7 Nxe7 14. a4 Nc6
15. Bb5 Nxe5 16. Re1 Qd6 17. Qf4 Bxb5 18. axb5 Nc4 19. Qxd6 Nxd6 20. Rxe6+ Kd7
21. Re5 Rhe8 22. Rxe8 Rxe8 23. Na3 Re2 24. Rb1 Ne4 25. f3 Nf2 26. c4 d4 27. b4
cxb4 28. Rxb4 Nd3 29. Rb1 Ra2 30. Rb3 Nc5 0-1

[Event "NB2 Erkel csoport"]
[Site "Dunaharaszti"]
[Date "2024.11.03"]
[Round "1.3"]
[White "Nemeth, Zalan"]
[Black "Vegh, Endre"]
[Result "1-0"]
[WhiteElo "2268"]
[BlackElo "2153"]
[PlyCount "133"]
[EventDate "2024.11.03"]
[EventType "team-tourn"]
[EventRounds "11"]
[EventCountry "HUN"]
[Source "chess.hu"]
[SourceDate "2024.11.04"]
[WhiteTeam "EUTender-Sinus-SDSE"]
[BlackTeam "Dunaharaszti MTK II."]
[WhiteTeamCountry "HUN"]
[BlackTeamCountry "HUN"]

1. d4 d6 2. c4 g6 3. Nc3 Bg7 4. Nf3 e5 5. g3 exd4 6. Nxd4 Ne7 7. e4 O-O 8. Bg2
Nbc6 9. Be3 f5 10. O-O fxe4 11. Nxe4 Nf5 12. Bg5 Qd7 13. Nxc6 bxc6 14. b3 h6
15. Bd2 Qf7 16. Bc3 Bd7 17. Qd2 Rfe8 18. Rad1 Re7 19. Rfe1 Rae8 20. Qb2 d5 21.
cxd5 cxd5 22. Bxg7 dxe4 23. Bd4 a5 24. Bf1 Kh7 25. Bc4 Be6 26. Bb5 Rb8 27. Bc6
Nd6 28. Bf6 Bh3 29. f4 Re6 30. Bd4 Re7 31. Ba7 Rf8 32. Bc5 Qf5 33. Rd5 Qc8 34.
Re5 Rxe5 35. Qxe5 Rf5 36. Qe7+ Rf7 37. Qe5 Rf5 38. Qd4 Rxf4 39. Bxd6 cxd6 40.
Bxe4 Rf7 41. Qxd6 Qg4 42. Qd1 Qg5 43. Qd4 Rd7 44. Qf2 Kg7 45. Bg2 Rd2 46. Re7+
Qxe7 47. Qxd2 Qc5+ 48. Kh1 Bxg2+ 49. Kxg2 Qc6+ 50. Kf2 Qc5+ 51. Ke2 h5 52. Qd7+
Kf6 53. Kd3 Qa3 54. Qa4 Qxa4 55. bxa4 Kf5 56. Kc4 Kg4 57. Kb5 Kh3 58. Kxa5 Kxh2
59. Kb4 Kxg3 60. a5 h4 61. a6 h3 62. a7 Kf2 63. a8=Q Kg1 64. Qa7+ Kg2 65. Qg7
h2 66. Qxg6+ Kh1 67. Qe4+ 1-0